[Event "GER-ch U12"]
[Site "Willingen"]
[Date "2003.06.13"]
[Round "10"]
[White "Van Orsouw, Svenja"]
[Black "Goebel, Florian"]
[Result "1/2-1/2"]
[WhiteElo "1311"]
[BlackElo "1180"]
[PlyCount "40"]
[EventDate "2003.06.08"]
[EventType "swiss"]
[EventRounds "11"]
[EventCountry "GER"]
[SourceTitle "CBM 094 Extra"]
[Source "ChessBase"]
[SourceDate "2003.07.09"]
[SourceVersion "2"]
[SourceVersionDate "2003.07.09"]
[SourceQuality "1"]

1. e4 c5 2. Nc3 Nc6 3. Nf3 e6 4. d4 cxd4 5. Nxd4 Nf6 6. Be2 a6 7. 0-0 Be7 8. Be3 d5 9. Bf3 dxe4 10. Nxe4 Qc7 11. Nxc6 bxc6 12. Ng3 0-0 13. Qe2 Nd5 14. Rfd1 Bb7 15. Rd3 Rac8 16. Rad1 Bf6 17. c3 a5 18. c4 Nxe3 19. Rxe3 Ba6 20. b3 Rfd8 1/2-1/2

[Event "GER-ch U12"]
[Site "Willingen"]
[Date "2003.06.11"]
[Round "7"]
[White "Goebel, Florian"]
[Black "Goepel, Martin"]
[Result "1-0"]
[WhiteElo "1180"]
[BlackElo "1476"]
[PlyCount "63"]
[EventDate "2003.06.08"]
[EventType "swiss"]
[EventRounds "11"]
[EventCountry "GER"]
[SourceTitle "CBM 094 Extra"]
[Source "ChessBase"]
[SourceDate "2003.07.09"]
[SourceVersion "2"]
[SourceVersionDate "2003.07.09"]
[SourceQuality "1"]

1. e4 c5 2. Nf3 e6 3. d4 cxd4 4. Nxd4 a6 5. Be2 Qc7 6. 0-0 Nf6 7. Nc3 Bb4 8. Qd3 Bxc3 9. bxc3 d5 10. exd5 Nxd5 11. Bd2 0-0 12. Bf3 Rd8 13. Rfe1 Nf6 14. Qe2 Bd7 15. Rab1 Nc6 16. Be3 e5 17. Nxc6 Bxc6 18. Bb6 Qe7 19. Bxd8 Qxd8 20. Bxc6 bxc6 21. Qxe5 h6 22. Rb7 a5 23. Qe2 Qd5 24. a4 Re8 25. Qxe8+ Nxe8 26. Rxe8+ Kh7 27. h3 Qd1+ 28. Kh2 Qxc2 29. Rxf7 Qxa4 30. Ree7 Kg6 31. Rxg7+ Kh5 32. Re5+ 1-0